Welcome to the Holygrace Academy Library

Please use search bar below to get started

SRESHT HINDI NIBHANDH (Record no. 4428)

MARC details
000 -LEADER
fixed length control field 00257nam a22001217a 4500
082 ## - DEWEY DECIMAL CLASSIFICATION NUMBER
Classification number 494
Item number SAR/F
100 ## - MAIN ENTRY--AUTHOR NAME
Personal name SHARAN, SHREE
245 ## - TITLE STATEMENT
Title SRESHT HINDI NIBHANDH
260 ## - PUBLICATION, DISTRIBUTION, ETC. (IMPRINT)
Place of publication DELHI
Name of publisher CLASS PUBLICATION
300 ## - PHYSICAL DESCRIPTION
Number of Pages 289
650 ## - SUBJECT ADDED ENTRY--TOPICAL TERM
Topical Term ESSAY
Geographic subdivision DELHI
942 ## - ADDED ENTRY ELEMENTS (KOHA)
Koha item type Books
Holdings
Withdrawn status Lost status Collection code Home library Current library Shelving location Date acquired Source of acquisition Full call number Accession Number Koha item type
    Non-fiction Main Library Main Library   09/08/2006 PURCHASE 494 SAR/F 01206 Books